000 00719nam a2200253Ia 4500
003 OSt
005 20220924124400.0
006 a|||||r|||| 00| 0
007 ta
008 220923b |||||||| |||| 00| 0 san d
024 _a225216
037 _cTextual
040 _aARTS
_cARTS
_bsan
041 _2san
_asan
082 _a/\2:864xDVA,2, 15N5-;1
100 _aVaraha Mihira
245 0 _aBrihat jataka with English translation
260 _aNew Delhi
_b Ranjan pub.
_c1995
300 _aviii, 219p
_ccm.
650 _aSPIRurdALISM
700 _a Sastri P.S. Tr.
_9143016
942 _h/\2:864xDVA,2, 15N5-;1
_cTEXL
_2CC
999 _c419474
_d419474